| 000 | 00667nam a2200229 u 4500 | ||
|---|---|---|---|
| 005 | 20240228063619.0 | ||
| 008 | 141114s2000 fr r 000 0 spa d | ||
| 020 | _a8495150867 | ||
| 035 | _aUPN01000200728 | ||
| 049 | _aI | ||
| 050 | 4 |
_aPZ76.3 _bC6.22 |
|
| 100 | 1 |
_aCorentin, Philippe, _d1936- _932855 |
|
| 245 | 1 | 1 |
_a¡Chaf! / _cPhilippe Corenti ; tr. Mireia Porta i Arnau. |
| 260 |
_aParís : _bCorimbo, _c2000. |
||
| 300 |
_a[34] p. : _bil. |
||
| 534 |
_pTítulo original: _tPlouf! |
||
| 650 | 7 |
_aAnimales _vLiteratura infantil _2 _91061 |
|
| 650 | 4 |
_aLiteratura infantil francesa _913687 |
|
| 905 | _aInfantil | ||
| 999 |
_c172829 _d172829 |
||